000 00353nam a2200109Ia 4500
008 171211s9999 xx 000 0 und d
245 _aReactive Distillation: Status and Future Directions
245 _cAchim Kienle and Kai Sundmacher
260 _c2003
650 _xEngineering and Technology
856 _uhttp://down.ebook777.com/064/9783527305797.pdf
999 _c350286
_d350286